LEADER 01454nam0-2200361---450- 001 990009653110403321 005 20121203151448.0 010 $a978-88-88438-13-9 035 $a000965311 035 $aFED01000965311 035 $a(Aleph)000965311FED01 035 $a000965311 100 $a20121203d2011----km-y0itay50------ba 101 0 $aita 102 $aIT 105 $aab------001yy 200 1 $aMozia - XIII$ezona F. La Porta Ovest e la Fortezza Occidentale$fa cura di Lorenzo Nigro$gcon contributi di Lorenzo Nigro ... [et al.]$erapporto preliminare delle campagne di scavi XXIII-XXVII (2003-2007) condotte congiuntamente con il Servizio Beni Archeologici della Soprintendenza Regionale per i Beni Culturali e Ambientali di Trapani 210 $aRoma$cMissione Archeologica a Mozia$d2011 215 $aVI, 463 p., [2] carte di tav. ripiegate$cill.$d25 cm 225 1 $aQuaderni di Archeologia Fenicio-Punica$v6. 304 $aIn testa al frontespizio: Università degli Studi di Roma "La Sapienza", Dipartimento di Scienze dell'Antichità, Sezione di Orientalistica 517 1 $aMozia, tredicesimo 610 0 $aScavi archeologici$aMozia$a2003-2007 676 $a937.8 676 $a913.378 702 1$aNigro,$bLorenzo 801 0$aIT$bUNINA$gRICA$2UNIMARC 901 $aBK 912 $a990009653110403321 952 $a937.8 MOZ 1 (13)$b62995 bibl.$fFLFBC 959 $aFLFBC 996 $aMozia - XIII$9840948 997 $aUNINA LEADER 01003nam0-22003131i-450- 001 990000347850403321 005 20111117124948.0 035 $a000034785 035 $aFED01000034785 035 $a(Aleph)000034785FED01 035 $a000034785 100 $a20020821d1977----km-y0itay50------ba 101 0 $aita 105 $ay-------001yy 200 1 $aWood Technology$eChemical Aspects. A Symposium at the 172nd Meeting of the American Chemical Society, San Francisco,California, August 31 - September 2, 1976$fEdited by Irving S. Goldstein 210 $aWashington$cACS$d1977 215 $aX,372 pp.$cill.$d25 cm. 225 1 $aAmerican chemical society symposium Series$v43 676 $a674 702 1$aGoldstein,$bIrving S. 801 0$aIT$bUNINA$gRICA$2UNIMARC 901 $aBK 912 $a990000347850403321 952 $a04 105-97$bCHA 411$fDINCH 952 $a14 C.010.020$b411 i.c.$fDINMP 959 $aDINCH 959 $aDINMP 996 $aWood Technology$9125409 997 $aUNINA